000 00611nam a2200205 i 4500
001 36632
003 ES-MaACL
005 20230906155416.0
007 t|
008 030218s1970 sp ||||1| spa d
100 1 _aBucci, Mario.
_932272
245 1 0 _aJoan Miró /
_cMario Bucci ; [traducción Jaume Bornat].
260 _a[Barcelona :
_bNauta,
_c1970]
300 _a95 p. :
_b41 lám., il. ;
_c32 cm.
490 1 _aGrandes maestros del siglo XX
700 1 _aBornat, Jaume.
_930518
830 0 _aGrandes maestros del siglo XX
_9181649
852 _aES-MaACL
_jC-41249
_bR.75244
999 _c36632
_d36632